000 02376nam a22002537a 4500
005 20221222095307.0
008 221222b ||||| |||| 00| 0 eng d
020 _a9780141025988
040 _cAL
041 _aeng
082 _223
_a321.07
_bGRAB
100 _aJohn Gray
_967424
245 _aBlack mass:
_bApocalyptic religion and the death of Utopia
260 _aLondon
_bPenguin Books
_c2008
300 _aix,342p.
_bPB
_c19x13cm.
365 _2Political Scienc
520 _aA prophetic warning against the foolishness of crusades, John Gray's "Black Mass" challenges our belief in human progress. Our conventional view of history is wrong. It is founded on a pernicious myth of an achievable utopia that in the last century alone caused the murder of tens of millions. In "Black Mass" John Gray tears down the religious, political and secular beliefs that we insist are fundamental to the human project, examines the interaction of terrorism, declining world resources, environmental change, human myths of redemption and a flawed belief in Western democracy and shows us how a misplaced faith in our ability to improve the world has actually made it far worse. "Brilliant, frightening, devastating". (John Banville, "Guardian"). "A brilliant polemic...Gray's most powerful argument yet". (J.G. Ballard, "Guardian", Books of the Year). "Causes vertigo when it does not cause outrage". ("Sunday Times"). "Exhilarating, invigorating". ("Literary Review"). "Savage. Gray raises profound and valid doubts about the conventional "plot" of modern history". ("Financial Times"). "A load of bollocks ...could hardly be more bonkers if it was crawling with lizards".("Sunday Telegraph"). John Gray has been Professor of Politics at Oxford University, Visiting Professor at Harvard and Yale and Professor of European Thought at the London School of Economics. His books include "False Dawn: The Delusions of Global Capitalism", "Straw Dogs: Thoughts on Humans and Other Animals" and "The Immortalization Commission: The Strange Quest to Cheat Death". His selected writings, "Gray's Anatomy", was published in 2009.
650 _aTerror in the Twentieth Century
_967425
650 _aUtopia Enters the Mainstream
_967426
650 _aArmed Missionaries
_967427
650 _aAmericanization of the Apocalypse
_967428
700 _aGRAY (John)
_967429
942 _2ddc
_cDB
999 _c226038
_d226038